00747nam a22002051 4500001001300000003000400013005001700017008004100034010001700075040003200092043001200124110005000136245004100186260004400227300003700271500011000308650002500418710008100443999001700524pa 68000100 DLC20260227111857.0710901s1959 dcuf 00000 eng c apa 68000100  aPan American Union. Library acl-----20aPan American Union.bDivision of Visual Arts.00aHighlights of Latin American art, 2.0 aWashington,bPan American Union,c1959. a24 plates (in portfolio)c36 cm. aA continuation of Highlights of Latin American art, published in 1955 by the Union's Visual Arts Section. 0aArt, Latin American.21aPan American Union.bVisual Arts Section.tHighlights of Latin American art. c51627d51627